| 000 | 00715nam a2200229 u 4500 | ||
|---|---|---|---|
| 005 | 20240320063637.0 | ||
| 008 | 190808s2010 es r 000 0 spa d | ||
| 020 | _a9788492696239 | ||
| 035 | _aUPN01000231882 | ||
| 049 | _aI | ||
| 050 | 4 |
_aRA780 _bO4.6 |
|
| 100 | 1 |
_aOlten, Wanja _943202 |
|
| 245 | 1 | 0 |
_aPara nada sucias / _cWanja Olten ; il. Manuela Olten ; tr. Carme Gala. |
| 260 |
_aBarcelona, Esp. : _bTakatuka, _c2010. |
||
| 300 |
_a[22] p. : _bil. col. |
||
| 534 |
_pTítulo original: _tKein bisschen dreckig |
||
| 650 | 4 |
_aHigiene _vLiteratura infantil _919753 |
|
| 650 | 4 |
_aNiños _xSalud e higiene _94876 |
|
| 650 | 4 |
_aLibros y lectura para niños _92290 |
|
| 905 | _aInfantil | ||
| 999 |
_c203977 _d203977 |
||